| 000 | 01372nam a2200241Ia 4500 | ||
|---|---|---|---|
| 003 | Ost | ||
| 005 | 20260507075233.0 | ||
| 008 | 260507s9999||||xx |||||||||||||| ||und|| | ||
| 040 | _cfsecg | ||
| 041 | _aara | ||
| 082 | _a330 | ||
| 100 |
_aقابل، محمد صفوت _eمؤلف |
||
| 245 | 0 |
_aنظريات و سياسات التنمية الاقتصادية / _c محمد صفوت قابل |
|
| 260 |
_aالاسكندرية: _bدار وفاء للطباعة, _c2008 |
||
| 300 |
_a399 صفحة؛ _c24 سم |
||
| 504 | _a(اقتناءات 2014 3ن) | ||
| 520 | _aالتخلف الاقتصادي و التنمية الاقتصادية ، التنمية الاقتصادية و التصنيع ، استراتيجية الإحلال محل الواردات ، التصنيع للتصدير ، تمويل التنمية ، الاستثمارات الاجنبية ، الفقر في الدول النامية ، استراتيجية إشباع الحاجات الأساسية ، مكزنات استراتيجية التصنيع لإشباع الحاجات الاساسية ، التنمية و التخطيط الاقتصادي ، العولمة و استراتيجية التنمية | ||
| 653 | _aالاقتصاد | ||
| 653 | _aالتخطيط الإقتصادي | ||
| 653 | _aالتنمية | ||
| 653 | _aالتنمية الاقتصادية | ||
| 942 | _cكتاب | ||
| 999 |
_c43572 _d43572 |
||